00576 2200205 4500001002100000005001700021008004100038035002400079082001200103090002200115100001300137245006900150260005500219300002400274650003300298850001200331980001500343985000600358999000600364YOGYA-0209000005941820090227034633.0 ind  0010-020900000059418 a839.312 a839.312bLas DlT aLast,Jet aDjajapranabTragedie in vist acten een bulisch gegevencJef last aBandungbUitgeverij W.Van Hoeve.S.graverhagec1954 a48 hlmbilusc24 cm aKesusastraan Belanda - Drama aYOPDYOG a31-07-2008 a1 ab